Southville International School and Colleges
Your cart is empty.
  • Cart
  • Lists
    Public lists Eva Luna New books Lux_list list_1
    Your lists Log in to create your own lists
  • Log in to your account
  • Your cookies
  • Search history
Southville International School and Colleges
  • Advanced search
  • Recent comments
  • Most popular
  • Libraries

Log in to your account

Log in with GOOGLE


If you do not have an external account, but do have a local account, you can still log in:

  1. Home
  2. MARC view: Coast to coast /
Normal view MARC view ISBD view

Coast to coast / (Record no. 306248)

[ view plain ]
MARC details
000 -LEADER
fixed length control field 00751nam a2200229Ia 4500
008 - FIXED-LENGTH DATA ELEMENTS--GENERAL INFORMATION
fixed length control field 170203s9999 xx 000 0 und d
020 ## - INTERNATIONAL STANDARD BOOK NUMBER
International Standard Book Number 0-153101113
050 ## - LIBRARY OF CONGRESS CALL NUMBER
Classification number Fic
050 ## - LIBRARY OF CONGRESS CALL NUMBER
Item number .C652 1996
100 ## - MAIN ENTRY--PERSONAL NAME
Personal name Farr, Roger C.
245 ## - TITLE STATEMENT
Title Coast to coast /
245 ## - TITLE STATEMENT
Statement of responsibility, etc senior authors, Roger C. Farr, Dorothy S. Strickland ; authors, Richard F. Abrahamson [and others] ; senior consultant, Asa G. Hilliard III ; consultants, Kanani Choy [and others].
260 ## - PUBLICATION, DISTRIBUTION, ETC. (IMPRINT)
Place of publication, distribution, etc Orlando, Fla. :
260 ## - PUBLICATION, DISTRIBUTION, ETC. (IMPRINT)
Name of publisher, distributor, etc Harcourt Brace & Co.,
260 ## - PUBLICATION, DISTRIBUTION, ETC. (IMPRINT)
Date of publication, distribution, etc 1996
300 ## - PHYSICAL DESCRIPTION
Extent 605 pages ;
440 ## - SERIES STATEMENT/ADDED ENTRY--TITLE
Title Signatures.
500 ## - GENERAL NOTE
General note Includes index.
650 ## - SUBJECT ADDED ENTRY--TOPICAL TERM
Topical term or geographic name as entry element Reading.
700 ## - ADDED ENTRY--PERSONAL NAME
Personal name Dorothy S. Strickland, senior author
700 ## - ADDED ENTRY--PERSONAL NAME
Personal name Richard F. Abrahamson, author

No items available.

Coast to coast /

APA

Farr R. C., Dorothy S. Strickland s. a. & Richard F. Abrahamson a.Coast to coast. Orlando, Fla: .

Chicago

Farr Roger C, Dorothy S. Strickland senior author and Richard F. Abrahamson author.Coast to coast. Orlando, Fla: .

Harvard

Farr R. C., Dorothy S. Strickland s. a. and Richard F. Abrahamson a.Coast to coast. Orlando, Fla: .

MLA

Farr Roger C, Dorothy S. Strickland senior author and Richard F. Abrahamson author.Orlando, Fla: . .

  • Print
  • Cite
  • Add to your cart (remove)
  • Save record
    BIBTEX Dublin Core MARCXML MARC (non-Unicode/MARC-8) MARC (Unicode/UTF-8) MARC (Unicode/UTF-8, Standard) MODS (XML) RIS
  • More searches
    Search for this title in:
    Other Libraries (WorldCat) Other Databases (Google Scholar) Online Stores (Bookfinder.com) Open Library (openlibrary.org)

Exporting to Dublin Core...

SOUTHVILLE LIBRARY

Southville International School and Colleges Library

1281 Tropical Ave. Cor. Luxembourg St., BF Homes International, Las Pinas City

Tel. No. 8256374 / 252358 Loc. 117/146

Powered by Koha